000 00842nam a22002057a 4500
001 EIF-II-1995-M4-008
003 OSt
005 20230109151237.0
008 221031b |||||||| |||| 00| 0 eng d
040 _cFundación Jesús Pereda
041 _aGallego
100 _aMartínez-Risco Daviña, Luis
_9171
111 _992
_aEncuentro de Investigadores del Franquismo
_c(Alicante.
_d1995.
_n2º)
245 _aA funcion ideoloxica do exercito segundo a lectura de manual "Ciclo nacional de conferencias a la tropa"
_c/Luis Martínez-Risco Daviña
650 0 _9153
_aIdeología política
650 0 _9172
_aMilitarismo
773 _tActas del II Encuentro de Investigadores del Franquismo. Tomo 2
_g181-184 p.
856 _uhttps://bibliotecaccoocyl.fundacionjesuspereda.es/cgi-bin/koha/opac-retrieve-file.pl?id=4bc529d922ebae398685028da241bf05
942 _2ddc
_cCF
_n0
999 _c49
_d49